MARC details
| 000 -CABECERA |
| campo de control de longitud fija |
03040nam a2200301 a 4500 |
| 001 - NÚMERO DE CONTROL |
| campo de control |
000039101 |
| 003 - IDENTIFICADOR DEL NÚMERO DE CONTROL |
| campo de control |
Ost |
| 005 - FECHA Y HORA DE LA ÚLTIMA TRANSACCIÓN |
| campo de control |
20260321073643.0 |
| 008 - DATOS DE LONGITUD FIJA--INFORMACIÓN GENERAL |
| campo de control de longitud fija |
081117s2012 dr ab 001 0bspa d |
| 020 ## - NÚMERO INTERNACIONAL ESTÁNDAR DEL LIBRO |
| Número Internacional Estándar del Libro |
9789945874082 |
| 040 ## - FUENTE DE LA CATALOGACIÓN |
| Centro catalogador/agencia de origen |
DO-SdBNP |
| Lengua de catalogación |
spa |
| Centro/agencia transcriptor |
BNPHU |
| 049 ## - FONDOS LOCALES (OCLC) |
| Fondos de biblioteca |
|
| 082 ## - NÚMERO DE LA CLASIFICACIÓN DECIMAL DEWEY |
| Número de clasificación |
923.15694 |
| Número de documento/Ítem |
D249B, 2012 |
| Número de edición |
22 |
| 100 1# - ENTRADA PRINCIPAL--NOMBRE DE PERSONA |
| Nombre de persona |
Bosch, Juan, |
| Fechas asociadas al nombre |
1909-2001 |
| 9 (RLIN) |
76555 |
| 245 10 - MENCIÓN DE TÍTULO |
| Título |
David : |
| Resto del título |
biografía de un rey / |
| Mención de responsabilidad, etc. |
Juan Bosch ; portada Amaury Villalba. |
| 260 ## - PUBLICACIÓN, DISTRIBUCIÓN, ETC. |
| Lugar de publicación, distribución, etc. |
Santo Domingo : |
| Nombre del editor, distribuidor, etc. |
Fundación Juan Bosch, |
| Fecha de publicación, distribución, etc. |
2012. |
| 300 ## - DESCRIPCIÓN FÍSICA |
| Extensión |
287 p. ; |
| Dimensiones |
22 cm. |
| 490 1# - MENCIÓN DE SERIE |
| Mención de serie |
Bosch para todo |
| 500 ## - NOTA GENERAL |
| Nota general |
Incluye un mapa Occidental |
| 505 0# - NOTA DE CONTENIDO CON FORMATO |
| Título |
En el que aparece Samuel Ben Elcana, verdadero fundador del reino de Israel -- |
| -- |
En el que aparece Saúl Ben Quis, a quien Samuel unge rey -- |
| -- |
El que se da cuenta de cómo y por qué el sacerdote Samuel rompió con el rey Saúl -- |
| -- |
En el que aparece David Ben Isaí, llamado a ser rey a la muerte de Saúl -- |
| -- |
En el que se explica por qué no pudo haber combate entre el niño David y el gigante Goliat -- |
| -- |
En el que se relata cómo y por qué Saúl odió a David hasta el punto de proponerse darle muerte -- |
| -- |
En el se explica cómo Jonatán, el hijo del rey, salvó a David -- |
| -- |
En el que se cuentan las aventuras de David mientras era perseguido por el rey Saúl -- |
| -- |
En el que se cuentan otras aventuras de David mientras huía de la persecución de Saúl -- |
| -- |
En el que se refiere cómo murieron el rey Saúl y su hijo Jonatán y lo que hizo David cuando supo la noticia -- |
| -- |
En el que se ve a David llegar a rey de Judá y se explica cómo empezó la guerra contra los descendientes de Saúl -- |
| -- |
En la que se explica cómo David pasó de rey de Judá a rey de Israel y qué hizo con los descendientes de Saúl -- |
| -- |
En el que vemos a David conquistando Jerusalén, donde estableció la capital del reino -- |
| -- |
En que se habla de las muchas guerras que tuvo David contra varios pueblos -- |
| -- |
En el que se prosigue la historia de la guerras que mantuvo David contra pueblos vecinos de Israel y pueblos distantes -- |
| -- |
En el que se da cuenta del pecado cometido por David al ordenar el asesinato de Urías y de cómo se arrepintió ante Natán -- |
| 505 0# - NOTA DE CONTENIDO CON FORMATO |
| Título |
En el que se explica cómo organizó David su reinado y cómo y por qué murió su hijo Amnón a manos de su otro hijo Absalón -- |
| -- |
En el que se refiere el derrocamiento de David por su hijo Absalón -- |
| -- |
En el que se relata la muerte de Absalón y las cosas que sucedieron después de la batalla en que perdió la vida -- |
| -- |
En el que se explica qué hacía David en sus últimos años y por qué quería edificar el templo -- |
| -- |
En el que se cuenta cómo y por qué escogió David a su hijo Salomón por heredero y qué encomiendas le hizo David antes de morir -- |
| -- |
Cronología. |
| 590 ## - NOTA LOCAL (RLIN) |
| Nota local |
Inventario, 2020/VM |
| 600 14 - PUNTO DE ACCESO ADICIONAL DE MATERIA--NOMBRE DE PERSONA |
| Nombre de persona |
David, |
| Fechas asociadas al nombre |
1040-968 a de J. C. |
| 9 (RLIN) |
533 |
| Títulos y otros términos asociados al nombre |
Rey de Israel |
| 650 #4 - PUNTO DE ACCESO ADICIONAL DE MATERIA--TÉRMINO DE MATERIA |
| Término de materia o nombre geográfico como elemento de entrada |
David, |
| Subdivisión general |
Reyes y soberanos |
| Subdivisión de forma |
Biografías |
| 9 (RLIN) |
77237 |
| 830 #0 - PUNTO DE ACCESO ADICIONAL DE SERIE-TÍTULO UNIFORME |
| Título uniforme |
Bosch para todo |
| 9 (RLIN) |
65297 |
| 910 ## - DATOS DE OPCIÓN DEL USUARIO (OCLC) |
| Datos de opción del usuario |
VMateo / Validado. Control de la calidad |
| 942 ## - ELEMENTOS DE PUNTO DE ACCESO ADICIONAL (KOHA) |
| Fuente del sistema de clasificación o colocación |
Dewey Decimal Classification |
| Tipo de ítem Koha |
Libro |